American Raj liberation or domination? : (Record no. 15231)

000 -LEADER
fixed length control field 01360cam a22003497a 4500
001 - CONTROL NUMBER
control field 15501779
005 - DATE AND TIME OF LATEST TRANSACTION
control field 20170105102913.0
008 - FIXED-LENGTH DATA ELEMENTS--GENERAL INFORMATION
fixed length control field 081028s2008 oncbf b 001 0 eng
010 ## - LIBRARY OF CONGRESS CONTROL NUMBER
LC control number 2008431610
016 ## - NATIONAL BIBLIOGRAPHIC AGENCY CONTROL NUMBER
Record control number 20089017544
020 ## - INTERNATIONAL STANDARD BOOK NUMBER
International Standard Book Number 9781554700875
020 ## - INTERNATIONAL STANDARD BOOK NUMBER
International Standard Book Number 1554700876
035 ## - SYSTEM CONTROL NUMBER
System control number (OCoLC)ocn214713206
040 ## - CATALOGING SOURCE
Original cataloging agency NLC
Language of cataloging eng
Transcribing agency NLC
Modifying agency BTCTA
-- BAKER
-- CDX
-- YDXCP
-- BWX
-- DLC
042 ## - AUTHENTICATION CODE
Authentication code lccopycat
050 00 - LIBRARY OF CONGRESS CALL NUMBER
Classification number DS35.74.U6
Item number M37 2008
082 04 - DEWEY DECIMAL CLASSIFICATION NUMBER
Classification number 303.48/2176701821
Edition number 22
100 1# - MAIN ENTRY--PERSONAL NAME
Personal name Margolis, Eric S.
245 10 - TITLE STATEMENT
Title American Raj liberation or domination? :
Remainder of title resolving the conflict between the West and the Muslim world /
Statement of responsibility, etc. Eric S. Margolis.
260 ## - PUBLICATION, DISTRIBUTION, ETC.
Place of publication, distribution, etc. Toronto :
Name of publisher, distributor, etc. Key Porter Books,
Date of publication, distribution, etc. c2008.
300 ## - PHYSICAL DESCRIPTION
Extent 400 p. ;
Other physical details maps, [8] p. of plates
Dimensions 24 cm.
504 ## - BIBLIOGRAPHY, ETC. NOTE
Bibliography, etc. note Includes bibliographical references (p. 383-387) and index.
650 #0 - SUBJECT ADDED ENTRY--TOPICAL TERM
Topical term or geographic name entry element East and West.
651 #0 - SUBJECT ADDED ENTRY--GEOGRAPHIC NAME
Geographic name Islamic countries
General subdivision Relations
Geographic subdivision Western countries.
651 #0 - SUBJECT ADDED ENTRY--GEOGRAPHIC NAME
Geographic name Islamic countries
General subdivision Relations
Geographic subdivision United States.
651 #0 - SUBJECT ADDED ENTRY--GEOGRAPHIC NAME
Geographic name Western countries
General subdivision Relations
Geographic subdivision Islamic countries.
651 #0 - SUBJECT ADDED ENTRY--GEOGRAPHIC NAME
Geographic name United States
General subdivision Relations
Geographic subdivision Islamic countries.
856 41 - ELECTRONIC LOCATION AND ACCESS
Materials specified Table of contents only
Uniform Resource Identifier <a href="http://www.loc.gov/catdir/toc/fy0903/2008431610.html">http://www.loc.gov/catdir/toc/fy0903/2008431610.html</a>
906 ## - LOCAL DATA ELEMENT F, LDF (RLIN)
a 7
b cbc
c copycat
d 2
e ncip
f 20
g y-gencatlg
942 ## - ADDED ENTRY ELEMENTS (KOHA)
Source of classification or shelving scheme
Koha item type Book
Holdings
Withdrawn status Lost status Damaged status Not for loan Collection code Permanent Location Current Location Shelving location Date acquired Total Checkouts Full call number Barcode Date last seen Price effective from Koha item type
          Centre for International Peace & Stability (CIPS) Centre for International Peace & Stability (CIPS) General Stacks 10/02/2013   303.482176701821 MAR 2008 CIPS0002206 11/21/2013 11/21/2013 Book
© 2023 Central Library, National University of Sciences and Technology. All Rights Reserved.